Aprende a negociar en Espanol
Saved in:
| Main Author: | |
|---|---|
| Corporate Author: | |
| Other Authors: | |
| Format: | Book |
| Language: | Spanish |
| Published: |
Banská Bystrica
Univerzita Mateja Bela, Ekonomická fakulta v Banskej Bystrici
2006
|
| Subjects: | |
| Tags: |
No Tags, Be the first to tag this record!
|
MARC
| LEADER | 00000nam$a2200000$$$4500 | ||
|---|---|---|---|
| 001 | 0062939 | ||
| 005 | 20240223111408.9 | ||
| 020 | |a 80-8083-336-2 | ||
| 041 | 0 | |a spa | |
| 044 | |a SK | ||
| 245 | 1 | 0 | |a Aprende a negociar en Espanol |c Janka Kubeková, Analí Fernández Corbacho |
| 264 | 1 | |a Banská Bystrica |b Univerzita Mateja Bela, Ekonomická fakulta v Banskej Bystrici |c 2006 | |
| 300 | |a 68 s. | ||
| 610 | 2 | 0 | |a jazykoveda |
| 610 | 2 | 0 | |a terminológia |
| 610 | 2 | 0 | |a jazyky cudzie |
| 100 | 1 | |a Kubeková, Janka | |
| 700 | 1 | |a Corbacho, Analí Fernández | |
| 710 | 2 | |a Občianske združenie EKONÓMIA | |